000 00478nam a2200181Ia 4500
003 GCL
008 140319s9999 xx 000 0 eng d
040 _aGCL /
_cGCL
082 0 4 _a940
_bM M
100 1 _aMMILLER, STUART
245 1 0 _aMASTERING MODERN EUROPEAN HISTORY /
_cMMILLER, STUART
260 _a[S.N] :
_bMACMILLAN ،
_c1997
300 _a479 P
490 _aMACMILLAN MASTER SERIES
_v0
650 0 4 _aHISTORY
650 0 4 _aEUROPE - MODERN HISTORY
942 _2ddc
_cBK
999 _c16023
_d16023